000 00367nam a22001217a 4500
082 _a347.4106 MAH
100 _aM. Mahmood
245 _aThe law of evidence, [The Qanun-e-Shahadat, 1984]
_cM. Mahmood and Jawad Mahmood Pasha
260 _aLahore
_bAl-Qanoon Publishers
300 _a1679p
942 _2ddc
_cBK
999 _c541201
_d541201